[Event "Turniej Blitza na II Lidze Juniorów 2018"]
[Site "Szczyrk, Poland"]
[Date "????.??.??"]
[Round "6.48"]
[White "Dahche, Abdel-Azziz"]
[Black "Hampel, Anna"]
[Result "0-1"]
[TimeControl "3'+2\""]
[WhiteElo "1222"]
[BlackElo "1449"]

1. e4 {[%clk 00:03:02]} {[%emt 00:00:01]} c5 {[%clk 00:03:04]} {[%emt
00:00:01]} 2. d4 {[%clk 00:03:02]} {[%emt 00:00:02]} cxd4 {[%clk 00:03:04]}
{[%emt 00:00:01]} 3. c3 {[%clk 00:03:04]} {[%emt 00:00:01]} dxc3 {[%clk
00:03:05]} {[%emt 00:00:01]} 4. Nxc3 {[%clk 00:03:04]} {[%emt 00:00:02]} a6
{[%clk 00:03:04]} {[%emt 00:00:02]} 5. Bc4 {[%clk 00:03:03]} {[%emt 00:00:03]}
e6 {[%clk 00:03:04]} {[%emt 00:00:02]} 6. Nf3 {[%clk 00:03:04]} {[%emt
00:00:02]} Nc6 {[%clk 00:03:04]} {[%emt 00:00:01]} 7. Bf4 {[%clk 00:03:05]}
{[%emt 00:00:02]} b5 {[%clk 00:03:04]} {[%emt 00:00:02]} 8. Bxb5 {[%clk
00:02:32]} {[%emt 00:00:35]} axb5 {[%clk 00:03:04]} {[%emt 00:00:01]} 9. Nxb5
{[%clk 00:02:33]} {[%emt 00:00:02]} Qa5+ {[%clk 00:03:03]} {[%emt 00:00:02]} 10.
Nc3 {[%clk 00:02:34]} {[%emt 00:00:02]} e5 {[%emt 00:00:13]} 11. Bd2 {[%clk
00:02:21]} {[%emt 00:00:09]} Qd8 {[%clk 00:02:47]} {[%emt 00:00:12]} 12. O-O
{[%clk 00:02:17]} {[%emt 00:00:06]} Nf6 {[%clk 00:02:48]} {[%emt 00:00:02]} 13.
Nb5 {[%clk 00:02:06]} {[%emt 00:00:13]} Nxe4 {[%clk 00:02:30]} {[%emt
00:00:20]} 14. Re1 {[%clk 00:02:03]} {[%emt 00:00:05]} Nxd2 {[%clk 00:02:27]}
{[%emt 00:00:04]} 15. Qxd2 {[%clk 00:02:04]} {[%emt 00:00:01]} d6 {[%clk
00:02:23]} {[%emt 00:00:06]} 16. Rad1 {[%clk 00:01:53]} {[%emt 00:00:13]} Be7
{[%clk 00:02:02]} {[%emt 00:00:24]} 17. a3 {[%clk 00:00:35]} {[%emt 00:01:20]}
O-O {[%clk 00:01:49]} {[%emt 00:00:14]} 18. Nxd6 {[%clk 00:00:31]} {[%emt
00:00:06]} Qxd6 {[%clk 00:01:39]} {[%emt 00:00:12]} 19. Qxd6 {[%clk 00:00:30]}
{[%emt 00:00:04]} Bxd6 {[%clk 00:01:40]} {[%emt 00:00:01]} 20. Rxd6 {[%clk
00:00:31]} {[%emt 00:00:01]} Bb7 {[%clk 00:01:40]} {[%emt 00:00:02]} 21. Nxe5
{[%clk 00:00:31]} {[%emt 00:00:02]} Nxe5 {[%clk 00:01:40]} 22. Rxe5 {[%clk
00:00:32]} {[%emt 00:00:01]} Rfe8 {[%clk 00:01:38]} {[%emt 00:00:04]} 23. Rxe8+
{[%clk 00:00:14]} {[%emt 00:00:21]} Rxe8 {[%clk 00:01:39]} 24. f3 {[%clk
00:00:14]} {[%emt 00:00:01]} Kf8 {[%clk 00:01:37]} {[%emt 00:00:04]} 25. Rb6
{[%clk 00:00:13]} {[%emt 00:00:03]} Bd5 {[%clk 00:01:33]} {[%emt 00:00:06]} 26.
b4 {[%clk 00:00:14]} {[%emt 00:00:01]} Ra8 {[%clk 00:01:33]} {[%emt 00:00:02]}
27. Rd6 {[%clk 00:00:08]} {[%emt 00:00:05]} Be6 {[%clk 00:01:26]} {[%emt
00:00:12]} 28. Rd3 {[%clk 00:00:06]} {[%emt 00:00:05]} Ke7 {[%clk 00:01:26]}
{[%emt 00:00:02]} 29. Kf2 {[%clk 00:00:07]} Bc4 {[%clk 00:01:25]} {[%emt
00:00:03]} 30. Rc3 {[%clk 00:00:08]} Bb5 {[%clk 00:01:21]} {[%emt 00:00:03]} 31.
Ke3 {[%clk 00:00:07]} {[%emt 00:00:06]} Kd6 {[%clk 00:01:20]} {[%emt 00:00:03]}
32. g3 {[%clk 00:00:04]} {[%emt 00:00:06]} Re8+ {[%clk 00:01:10]} {[%emt
00:00:12]} 33. Kd4 {[%clk 00:00:04]} {[%emt 00:00:02]} Re2 {[%clk 00:01:11]}
{[%emt 00:00:01]} 34. Re3 {[%clk 00:00:03]} {[%emt 00:00:03]} Rxe3 {[%clk
00:01:10]} {[%emt 00:00:02]} 35. Kxe3 {[%clk 00:00:04]} Ke5 {[%clk 00:01:09]}
{[%emt 00:00:03]} 36. f4+ {[%clk 00:00:05]} Kd5 {[%clk 00:01:10]} {[%emt
00:00:01]} 37. f5 {[%emt 00:00:06]} 0-1

[Event "Turniej Blitza na II Lidze Juniorów 2018"]
[Site "Szczyrk, Poland"]
[Date "????.??.??"]
[Round "6.3"]
[White "Marczuk, Dominik"]
[Black "Klepek, Witold"]
[Result "0-1"]
[TimeControl "3'+2\""]
[WhiteElo "2112"]
[BlackElo "2035"]

1. e4 {[%emt 00:02:42]} e6 {[%emt 00:00:01]} 2. d4 {[%emt 00:00:01]} d5 3. Nc3
{[%emt 00:00:09]} Nf6 {[%emt 00:00:01]} 4. Bg5 {[%emt 00:00:03]} dxe4 5. Nxe4
{[%emt 00:00:02]} Be7 6. Bxf6 {[%emt 00:00:03]} gxf6 {[%emt 00:00:02]} 7. Bc4
{[%emt 00:00:14]} a6 {[%emt 00:00:12]} 8. a4 {[%emt 00:00:07]} f5 {[%emt
00:00:34]} 9. Ng3 {[%emt 00:00:06]} c6 {[%emt 00:00:01]} 10. c3 {[%emt
00:00:15]} Nd7 {[%emt 00:00:01]} 11. Bb3 {[%emt 00:01:04]} c5 {[%emt 00:00:20]}
12. a5 {[%emt 00:00:16]} Nf6 {[%emt 00:00:11]} 13. Nf3 {[%emt 00:00:06]} cxd4
{[%emt 00:00:12]} 14. Nxd4 {[%emt 00:00:04]} Bd7 15. Nh5 {[%emt 00:00:09]} Rg8
{[%emt 00:00:05]} 16. O-O {[%emt 00:00:27]} Qc7 17. Nxf6+ {[%emt 00:00:08]}
Bxf6 18. Qh5 {[%emt 00:00:01]} Bxd4 {[%emt 00:00:13]} 19. cxd4 {[%emt
00:00:02]} Bc6 20. d5 {[%emt 00:00:03]} Bxd5 {[%emt 00:00:30]} 21. Bxd5 {[%emt
00:00:01]} exd5 22. Rfe1+ {[%emt 00:00:04]} Kf8 {[%emt 00:00:06]} 23. Qxf5
{[%emt 00:00:10]} Qd6 {[%emt 00:00:03]} 24. Rad1 {[%emt 00:00:03]} Rd8 {[%emt
00:00:06]} 25. Re5 {[%emt 00:00:02]} Qg6 {[%emt 00:00:07]} 26. Qxg6 Rxg6 27.
Rexd5 {[%emt 00:00:01]} Rxd5 {[%emt 00:00:01]} 28. Rxd5 {[%emt 00:00:01]} Rc6
29. g3 {[%emt 00:00:04]} b6 {[%emt 00:00:02]} 30. axb6 Rxb6 31. Rd8+ {[%emt
00:00:03]} Ke7 {[%emt 00:00:01]} 32. Ra8 Rxb2 {[%emt 00:00:02]} 33. Rxa6 {[%emt
00:00:01]} Re2 {[%emt 00:00:02]} 34. Kg2 {[%emt 00:00:01]} Kf8 {[%emt
00:00:01]} 35. h4 {[%emt 00:00:01]} Kg7 36. h5 h6 {[%emt 00:00:01]} 37. Kf3 Rb2
{[%emt 00:00:01]} 38. Ra5 {[%emt 00:00:02]} Rc2 {[%emt 00:00:02]} 39. Ke3
{[%emt 00:00:02]} Rb2 {[%emt 00:00:01]} 40. f3 Rb3+ {[%emt 00:00:06]} 41. Kf4
Rb4+ {[%emt 00:00:01]} 42. Kf5 Rb3 {[%emt 00:00:04]} 43. Kg4 {[%emt 00:00:01]}
Rb6 {[%emt 00:00:11]} 44. Ra4 {[%emt 00:00:03]} Rc6 {[%emt 00:00:01]} 45. Kh3
{[%emt 00:00:01]} Rb6 46. Rg4+ Kh7 {[%emt 00:00:02]} 47. Kg2 {[%emt 00:00:05]}
Rb2+ 48. Kh3 Rb6 {[%emt 00:00:01]} 49. Ra4 {[%emt 00:00:05]} Rb5 {[%emt
00:00:02]} 50. Kg4 {[%emt 00:00:01]} Kg7 {[%emt 00:00:02]} 51. f4 {[%emt
00:00:01]} Rc5 {[%emt 00:00:01]} 52. Re4 {[%emt 00:00:02]} f5+ {[%emt
00:00:02]} 53. Kf3 {[%emt 00:00:03]} fxe4+ {[%emt 00:00:01]} 54. Kxe4 Kf6 55.
g4 {[%emt 00:00:01]} Ra5 {[%emt 00:00:04]} 56. Kf3 {[%emt 00:00:05]} Ra3+
{[%emt 00:00:16]} 57. Kf2 {[%emt 00:00:03]} Ke6 {[%emt 00:00:03]} 58. Kg2
{[%emt 00:00:04]} Kd5 {[%emt 00:00:04]} 59. g5 {[%emt 00:00:05]} hxg5 {[%emt
00:00:01]} 60. fxg5 {[%emt 00:00:01]} Ke5 {[%clk 00:03:02]} {[%emt 00:00:01]}
61. h6 0-1

[Event "Turniej Blitza na II Lidze Juniorów 2018"]
[Site "Szczyrk, Poland"]
[Date "????.??.??"]
[Round "6.38"]
[White "Bienko, Jagoda"]
[Black "Majek, Kacper"]
[Result "0-1"]
[TimeControl "3'+2\""]
[WhiteElo "1326"]
[BlackElo "1687"]

1. d4 {[%clk 00:03:04]} d5 {[%clk 00:03:04]} {[%emt 00:00:51]} 2. c4 {[%clk
00:03:05]} e6 {[%clk 00:03:05]} {[%emt 00:00:01]} 3. Nc3 {[%clk 00:03:06]} Nf6
{[%clk 00:03:07]} {[%emt 00:00:02]} 4. Bg5 {[%clk 00:03:07]} Nbd7 {[%clk
00:03:08]} {[%emt 00:00:01]} 5. Nf3 {[%clk 00:03:07]} c6 {[%clk 00:03:09]}
{[%emt 00:00:03]} 6. e3 {[%clk 00:03:08]} Qa5 {[%clk 00:03:09]} {[%emt
00:00:03]} 7. Be2 {[%clk 00:02:57]} Ne4 {[%clk 00:03:01]} {[%emt 00:00:23]} 8.
Qc1 {[%clk 00:02:53]} Bb4 {[%clk 00:02:58]} {[%emt 00:00:11]} 9. O-O {[%clk
00:02:52]} Bxc3 {[%clk 00:02:47]} {[%emt 00:00:16]} 10. bxc3 {[%clk 00:02:51]}
{[%emt 00:00:03]} Qxc3 {[%clk 00:02:48]} {[%emt 00:00:01]} 11. cxd5 {[%clk
00:02:44]} {[%emt 00:00:09]} Qxc1 {[%clk 00:02:40]} {[%emt 00:00:09]} 12. Rfxc1
{[%clk 00:02:44]} {[%emt 00:00:02]} exd5 {[%clk 00:02:42]} {[%emt 00:00:02]} 13.
Bf4 {[%clk 00:02:41]} {[%emt 00:00:05]} O-O {[%clk 00:02:35]} {[%emt 00:00:08]}
14. Ng5 {[%clk 00:02:33]} {[%emt 00:00:11]} Nxg5 {[%clk 00:02:23]} {[%emt
00:00:13]} 15. Bxg5 {[%clk 00:02:34]} Nf6 {[%clk 00:02:17]} {[%emt 00:00:08]}
16. Rab1 {[%clk 00:02:24]} {[%emt 00:00:11]} h6 {[%clk 00:02:18]} {[%emt
00:00:02]} 17. Bf4 {[%clk 00:02:23]} {[%emt 00:00:03]} Re8 {[%clk 00:01:52]}
{[%emt 00:00:28]} 18. a4 {[%clk 00:02:02]} {[%emt 00:00:23]} g5 {[%clk
00:01:45]} {[%emt 00:00:10]} 19. Be5 {[%clk 00:01:59]} {[%emt 00:00:04]} Nd7
{[%clk 00:01:43]} {[%emt 00:00:04]} 20. Bd6 {[%clk 00:01:56]} {[%emt 00:00:04]}
Re6 {[%clk 00:01:35]} {[%emt 00:00:11]} 21. Bg3 {[%clk 00:01:57]} {[%emt
00:00:01]} f5 {[%clk 00:01:21]} {[%emt 00:00:16]} 22. Bd3 {[%clk 00:01:45]}
{[%emt 00:00:14]} Rf6 {[%clk 00:01:08]} {[%emt 00:00:14]} 23. f4 {[%clk
00:01:46]} {[%emt 00:00:02]} Nf8 {[%clk 00:00:55]} {[%emt 00:00:14]} 24. h4
{[%clk 00:01:35]} {[%emt 00:00:14]} Ne6 {[%clk 00:00:44]} {[%emt 00:00:14]} 25.
fxg5 {[%clk 00:01:29]} {[%emt 00:00:09]} hxg5 26. Be5 {[%emt 00:00:02]} Rf8
{[%clk 00:00:39]} {[%emt 00:00:07]} 27. g3 {[%emt 00:00:24]} f4 {[%clk
00:00:18]} {[%emt 00:00:23]} 28. hxg5 {[%clk 00:00:56]} {[%emt 00:00:14]} fxe3
{[%clk 00:00:14]} {[%emt 00:00:06]} 29. g6 {[%clk 00:00:47]} {[%emt 00:00:11]}
Ng5 {[%clk 00:00:12]} {[%emt 00:00:04]} 30. Be2 {[%clk 00:00:41]} {[%emt
00:00:07]} Nf3+ {[%clk 00:00:11]} {[%emt 00:00:03]} 31. Bxf3 {[%clk 00:00:38]}
{[%emt 00:00:05]} Rxf3 {[%clk 00:00:12]} 32. Rb2 {[%clk 00:00:29]} {[%emt
00:00:11]} Bf5 {[%clk 00:00:10]} {[%emt 00:00:05]} 33. Rxb7 {[%clk 00:00:29]}
{[%emt 00:00:02]} Bxg6 {[%clk 00:00:09]} {[%emt 00:00:03]} 34. Rg7+ {[%clk
00:00:29]} Kf8 {[%clk 00:00:09]} {[%emt 00:00:04]} 35. Rxg6 {[%clk 00:00:30]}
0-1

[Event "Turniej Blitza na II Lidze Juniorów 2018"]
[Site "Szczyrk, Poland"]
[Date "????.??.??"]
[Round "6.36"]
[White "Pisarek, Jan"]
[Black "Ulrych, Wojciech"]
[Result "0-1"]
[TimeControl "3'+2\""]
[WhiteElo "1136"]
[BlackElo "1901"]

1. e4 d6 {[%emt 00:00:22]} 2. Nf3 {[%emt 00:00:04]} Nf6 3. Nc3 {[%emt
00:00:02]} g6 4. d4 {[%emt 00:00:01]} Bg7 {[%emt 00:00:01]} 5. Bc4 {[%emt
00:00:03]} c6 {[%emt 00:00:02]} 6. O-O {[%emt 00:00:02]} b5 {[%emt 00:00:02]} 7.
Bb3 {[%emt 00:00:03]} b4 {[%emt 00:00:02]} 8. e5 {[%emt 00:00:10]} bxc3 {[%emt
00:00:19]} 9. exf6 {[%emt 00:00:01]} Bxf6 {[%emt 00:00:08]} 10. bxc3 {[%emt
00:00:02]} O-O {[%emt 00:00:04]} 11. Re1 {[%emt 00:00:03]} Nd7 {[%emt
00:00:09]} 12. h3 {[%emt 00:00:03]} a5 {[%emt 00:00:05]} 13. a4 {[%emt
00:00:03]} Bb7 {[%emt 00:00:05]} 14. Bg5 {[%emt 00:00:11]} c5 {[%emt 00:00:11]}
15. Bxf6 {[%emt 00:00:04]} Nxf6 {[%emt 00:00:05]} 16. dxc5 {[%emt 00:00:21]}
dxc5 17. Qxd8 {[%emt 00:00:01]} Raxd8 {[%emt 00:00:06]} 18. Rxe7 {[%emt
00:00:01]} Bxf3 {[%emt 00:00:03]} 19. gxf3 Nh5 {[%emt 00:00:12]} 20. Rc7 {[%emt
00:00:14]} Rc8 {[%emt 00:00:29]} 21. Rxc8 {[%emt 00:00:06]} Rxc8 {[%emt
00:00:03]} 22. Re1 {[%emt 00:00:01]} Kf8 {[%emt 00:00:05]} 23. Re4 {[%emt
00:00:04]} g5 {[%emt 00:00:10]} 24. Bc4 {[%emt 00:00:15]} Nf4 {[%emt 00:00:02]}
25. Kh2 {[%emt 00:00:14]} Rc6 {[%emt 00:00:12]} 26. Re1 {[%emt 00:00:14]} Rh6
{[%emt 00:00:04]} 27. Bf1 {[%emt 00:00:04]} Rd6 {[%emt 00:00:04]} 28. Re5
{[%emt 00:00:08]} Rd2 {[%emt 00:00:05]} 29. Kg3 {[%emt 00:00:14]} Ne6 {[%emt
00:00:01]} 30. Bc4 {[%emt 00:00:09]} Rxc2 {[%emt 00:00:03]} 31. Bxe6 {[%emt
00:00:02]} fxe6 {[%emt 00:00:02]} 32. Rxc5 h6 {[%emt 00:00:17]} 33. Rxa5 {[%emt
00:00:08]} Rxc3 {[%emt 00:00:01]} 34. Ra7 e5 {[%emt 00:00:07]} 35. Kg4 {[%emt
00:00:09]} Rc4+ {[%emt 00:00:07]} 36. Kg3 {[%emt 00:00:08]} h5 {[%emt
00:00:04]} 37. Ra5 {[%emt 00:00:05]} h4+ {[%emt 00:00:10]} 38. Kg2 {[%emt
00:00:01]} Kf7 {[%emt 00:00:03]} 39. Rxe5 {[%emt 00:00:02]} Kf6 {[%emt
00:00:05]} 40. Ra5 {[%emt 00:00:05]} Rc1 {[%emt 00:00:03]} 41. Ra8 {[%emt
00:00:02]} Ra1 {[%emt 00:00:03]} 42. a5 {[%emt 00:00:01]} Kg7 43. a6 Kh7 {[%emt
00:00:01]} 44. Ra7+ {[%emt 00:00:06]} Kg6 {[%emt 00:00:02]} 45. Ra8 {[%emt
00:00:04]} Kh7 46. f4 {[%emt 00:00:15]} gxf4 {[%emt 00:00:09]} 47. Kf3 {[%emt
00:00:05]} Ra4 {[%emt 00:00:08]} 48. a7 {[%emt 00:00:03]} Kg7 {[%emt 00:00:01]}
49. Kg4 {[%emt 00:00:04]} f3+ {[%emt 00:00:15]} 50. Kxf3 {[%emt 00:00:01]} Kh7
51. Ke3 {[%emt 00:00:07]} Kg7 {[%emt 00:00:01]} 52. f3 {[%emt 00:00:07]} Ra3+
{[%emt 00:00:03]} 53. Kf4 {[%emt 00:00:02]} Ra4+ 0-1

[Event "Turniej Blitza na II Lidze Juniorów 2018"]
[Site "Szczyrk, Poland"]
[Date "????.??.??"]
[Round "6.8"]
[White "Buraczewski, Rafal"]
[Black "Jaromin, Michal"]
[Result "0-1"]
[TimeControl "3'+2\""]
[WhiteElo "1927"]
[BlackElo "1641"]

1. d4 {[%emt 00:00:30]} d5 2. Nf3 {[%emt 00:00:01]} Nf6 3. c4 {[%emt 00:00:02]}
c6 4. e3 Bf5 {[%emt 00:00:01]} 5. Nc3 {[%emt 00:00:02]} e6 {[%emt 00:00:01]} 6.
h3 {[%emt 00:00:02]} Bd6 {[%emt 00:00:05]} 7. Nh4 {[%emt 00:00:01]} Bg6 {[%emt
00:00:02]} 8. Nxg6 {[%emt 00:00:02]} hxg6 {[%emt 00:00:01]} 9. Be2 {[%emt
00:00:05]} Nbd7 10. b3 {[%emt 00:00:07]} Bb4 {[%emt 00:00:06]} 11. Bd2 {[%emt
00:00:02]} Qe7 {[%emt 00:00:05]} 12. Bf3 {[%emt 00:00:08]} O-O-O {[%emt
00:00:20]} 13. Rc1 {[%emt 00:00:39]} Kb8 {[%emt 00:00:02]} 14. Na4 {[%emt
00:00:20]} Bd6 {[%emt 00:00:11]} 15. c5 {[%emt 00:00:06]} Bc7 {[%emt 00:00:02]}
16. b4 e5 {[%emt 00:00:01]} 17. Bc3 {[%emt 00:00:08]} exd4 {[%emt 00:00:06]} 18.
Bxd4 {[%emt 00:00:01]} Ne5 19. Be2 {[%emt 00:00:07]} Ne4 {[%emt 00:00:11]} 20.
Nc3 {[%emt 00:00:06]} Qh4 {[%emt 00:00:38]} 21. Nxe4 dxe4 22. Rc3 {[%emt
00:00:14]} Qg5 {[%emt 00:00:04]} 23. Kf1 {[%emt 00:00:15]} Rh5 {[%emt
00:00:27]} 24. Bxh5 {[%emt 00:00:44]} gxh5 {[%emt 00:00:01]} 25. b5 {[%emt
00:00:11]} Nd3 {[%emt 00:00:01]} 26. Rxd3 {[%emt 00:00:03]} exd3 {[%emt
00:00:02]} 27. Qxd3 cxb5 {[%emt 00:00:04]} 28. g3 {[%emt 00:00:09]} Qd5 {[%emt
00:00:01]} 29. Rg1 {[%emt 00:00:05]} Qxa2 {[%emt 00:00:02]} 30. Kg2 h4 {[%emt
00:00:03]} 31. Qf5 {[%emt 00:00:04]} hxg3 {[%emt 00:00:09]} 32. Rf1 Qd5+ {[%emt
00:00:06]} 33. Kg1 {[%emt 00:00:01]} Qxf5 {[%emt 00:00:11]} 0-1

[Event "Turniej Blitza na II Lidze Juniorów 2018"]
[Site "Szczyrk, Poland"]
[Date "????.??.??"]
[Round "6.53"]
[White "Nowacka, Dorota"]
[Black "Nowak, Filip"]
[Result "0-1"]
[TimeControl "3'+2\""]
[WhiteElo "1322"]
[BlackElo "1145"]

1. d4 {[%clk 00:03:04]} d5 {[%clk 00:03:03]} {[%emt 00:00:02]} 2. c4 {[%clk
00:03:05]} c6 {[%clk 00:03:04]} {[%emt 00:00:01]} 3. e4 {[%clk 00:03:05]}
{[%emt 00:00:02]} dxe4 {[%clk 00:03:02]} {[%emt 00:00:03]} 4. Nc3 {[%clk
00:03:06]} Nf6 {[%clk 00:03:03]} {[%emt 00:00:01]} 5. Bg5 {[%clk 00:03:06]}
{[%emt 00:00:02]} Bf5 {[%clk 00:03:00]} {[%emt 00:00:04]} 6. h3 {[%clk
00:03:06]} {[%emt 00:00:02]} e6 {[%clk 00:02:58]} {[%emt 00:00:05]} 7. g4
{[%clk 00:03:04]} {[%emt 00:00:03]} Bg6 {[%clk 00:02:59]} 8. Bg2 {[%clk
00:03:05]} {[%emt 00:00:01]} Bb4 {[%clk 00:02:55]} {[%emt 00:00:05]} 9. Nge2
{[%clk 00:02:44]} {[%emt 00:00:23]} Nbd7 {[%clk 00:02:51]} {[%emt 00:00:07]} 10.
a3 {[%clk 00:02:45]} {[%emt 00:00:02]} Bxc3+ {[%clk 00:02:46]} {[%emt
00:00:07]} 11. Nxc3 {[%clk 00:02:46]} h6 {[%clk 00:02:47]} {[%emt 00:00:01]} 12.
Bh4 {[%clk 00:02:35]} {[%emt 00:00:12]} Qb6 {[%clk 00:02:34]} {[%emt 00:00:15]}
13. O-O {[%clk 00:01:55]} {[%emt 00:00:41]} O-O {[%clk 00:02:34]} {[%emt
00:00:03]} 14. b4 {[%clk 00:01:55]} {[%emt 00:00:02]} a5 {[%clk 00:02:28]}
{[%emt 00:00:08]} 15. c5 {[%clk 00:01:54]} {[%emt 00:00:03]} Qc7 {[%clk
00:02:21]} {[%emt 00:00:10]} 16. Qe2 {[%clk 00:01:47]} {[%emt 00:00:09]} axb4
{[%clk 00:02:08]} {[%emt 00:00:16]} 17. axb4 {[%clk 00:01:47]} Nd5 {[%clk
00:02:09]} 18. Nxe4 {[%clk 00:01:27]} {[%emt 00:00:22]} Bxe4 {[%clk 00:01:55]}
{[%emt 00:00:16]} 19. Bxe4 {[%clk 00:01:21]} {[%emt 00:00:08]} Nxb4 {[%clk
00:01:55]} {[%emt 00:00:02]} 20. Qf3 {[%clk 00:01:03]} {[%emt 00:00:20]} Nd5
{[%clk 00:01:51]} {[%emt 00:00:06]} 21. g5 {[%clk 00:01:01]} {[%emt 00:00:04]}
hxg5 {[%clk 00:01:46]} {[%emt 00:00:06]} 22. Bxg5 {[%clk 00:00:51]} {[%emt
00:00:13]} N7f6 {[%clk 00:01:45]} {[%emt 00:00:02]} 23. Bxf6 {[%clk 00:00:43]}
{[%emt 00:00:11]} Nxf6 {[%clk 00:01:46]} {[%emt 00:00:01]} 24. Bd3 {[%clk
00:00:40]} {[%emt 00:00:04]} Rfd8 {[%clk 00:01:35]} {[%emt 00:00:14]} 25. Qe3
{[%clk 00:00:31]} {[%emt 00:00:11]} Nd5 {[%clk 00:00:54]} {[%emt 00:00:43]} 26.
Qg5 {[%clk 00:00:28]} {[%emt 00:00:05]} Qf4 {[%clk 00:00:38]} {[%emt 00:00:16]}
27. Qxf4 {[%clk 00:00:08]} {[%emt 00:00:24]} Nxf4 {[%clk 00:00:39]} {[%emt
00:00:01]} 28. Rxa8 {[%clk 00:00:08]} {[%emt 00:00:02]} Rxa8 {[%emt 00:00:15]}
0-1

[Event "Turniej Blitza na II Lidze Juniorów 2018"]
[Site "Szczyrk, Poland"]
[Date "????.??.??"]
[Round "6.4"]
[White "Babiarz, Arkadiusz"]
[Black "Janocha, Wieslaw"]
[Result "1-0"]
[TimeControl "3'+2\""]
[BlackTitle "FM"]
[WhiteElo "1699"]
[BlackElo "2197"]

1. e4 {[%clk 00:03:03]} {[%emt 00:00:01]} e5 {[%emt 00:00:01]} 2. Nf3 {[%emt
00:00:01]} Nc6 {[%clk 00:03:02]} {[%emt 00:00:02]} 3. Bb5 {[%clk 00:03:06]} a6
{[%clk 00:03:02]} {[%emt 00:00:02]} 4. Ba4 {[%clk 00:03:07]} {[%emt 00:00:01]}
Nf6 {[%clk 00:03:02]} {[%emt 00:00:02]} 5. Qe2 {[%clk 00:03:08]} {[%emt
00:00:01]} b5 {[%emt 00:00:05]} 6. Bb3 {[%emt 00:00:01]} Bc5 {[%clk 00:02:58]}
{[%emt 00:00:02]} 7. a4 {[%clk 00:03:10]} {[%emt 00:00:02]} Rb8 {[%clk
00:02:55]} {[%emt 00:00:04]} 8. Nc3 {[%clk 00:03:00]} {[%emt 00:00:13]} O-O
{[%clk 00:02:28]} {[%emt 00:00:28]} 9. O-O {[%clk 00:02:59]} {[%emt 00:00:04]}
Nd4 {[%clk 00:02:23]} {[%emt 00:00:06]} 10. Nxd4 {[%clk 00:02:55]} {[%emt
00:00:07]} exd4 {[%clk 00:02:23]} {[%emt 00:00:02]} 11. Nd5 {[%clk 00:02:56]}
Nxd5 {[%clk 00:02:04]} {[%emt 00:00:21]} 12. Bxd5 {[%clk 00:02:49]} {[%emt
00:00:08]} c6 {[%clk 00:01:51]} {[%emt 00:00:15]} 13. Bb3 {[%clk 00:02:50]}
{[%emt 00:00:02]} d5 {[%clk 00:01:44]} {[%emt 00:00:09]} 14. exd5 {[%clk
00:02:47]} {[%emt 00:00:05]} cxd5 {[%clk 00:01:43]} {[%emt 00:00:02]} 15. d3
{[%clk 00:02:42]} {[%emt 00:00:07]} Rb6 {[%clk 00:01:37]} {[%emt 00:00:08]} 16.
Qh5 {[%clk 00:02:22]} {[%emt 00:00:23]} Rg6 {[%clk 00:00:52]} {[%emt 00:00:47]}
17. Bf4 {[%clk 00:01:31]} {[%emt 00:00:53]} Be6 {[%clk 00:00:28]} {[%emt
00:00:26]} 18. Rfe1 {[%clk 00:01:20]} {[%emt 00:00:12]} Bd6 {[%clk 00:00:27]}
{[%emt 00:00:03]} 19. Bxd6 {[%clk 00:01:18]} {[%emt 00:00:05]} Qxd6 {[%clk
00:00:27]} {[%emt 00:00:02]} 20. Qe5 {[%clk 00:01:17]} {[%emt 00:00:03]} Qc5
{[%clk 00:00:11]} {[%emt 00:00:17]} 21. Re4 {[%clk 00:00:51]} {[%emt 00:00:29]}
bxa4 {[%clk 00:00:12]} {[%emt 00:00:01]} 22. Rxa4 {[%clk 00:00:45]} {[%emt
00:00:08]} Qb5 {[%clk 00:00:05]} {[%emt 00:00:08]} 23. Rexd4 {[%clk 00:00:40]}
{[%emt 00:00:08]} Rc8 {[%clk 00:00:05]} 24. Rdb4 {[%clk 00:00:26]} {[%emt
00:00:17]} Qc5 {[%clk 00:00:06]} {[%emt 00:00:01]} 25. Rb8 {[%clk 00:00:25]}
{[%emt 00:00:03]} h6 {[%clk 00:00:06]} {[%emt 00:00:03]} 26. Rxa6 {[%clk
00:00:20]} {[%emt 00:00:05]} Kh7 {[%clk 00:00:06]} {[%emt 00:00:02]} 27. Rxc8
{[%clk 00:00:20]} Qxc8 {[%clk 00:00:08]} 28. Ra4 {[%clk 00:00:14]} {[%emt
00:00:08]} Rg5 {[%clk 00:00:08]} {[%emt 00:00:02]} 29. Qc3 {[%clk 00:00:13]}
{[%emt 00:00:02]} Qb7 {[%clk 00:00:09]} {[%emt 00:00:02]} 30. Rd4 {[%clk
00:00:12]} {[%emt 00:00:03]} f6 {[%clk 00:00:08]} {[%emt 00:00:03]} 31. Qb4
{[%clk 00:00:11]} {[%emt 00:00:02]} Qa6 {[%clk 00:00:09]} {[%emt 00:00:02]} 32.
Qa4 {[%clk 00:00:12]} {[%emt 00:00:01]} Qb6 {[%clk 00:00:10]} {[%emt 00:00:01]}
33. Qb4 {[%clk 00:00:04]} {[%emt 00:00:10]} Qa7 {[%clk 00:00:11]} 34. Qa4
{[%clk 00:00:04]} {[%emt 00:00:02]} Qb6 {[%clk 00:00:12]} {[%emt 00:00:01]} 35.
Rb4 {[%clk 00:00:05]} {[%emt 00:00:01]} Qc5 {[%clk 00:00:13]} {[%emt 00:00:01]}
36. d4 {[%clk 00:00:05]} {[%emt 00:00:02]} Qd6 {[%clk 00:00:14]} 37. Qb5 {[%clk
00:00:04]} {[%emt 00:00:04]} Qf4 {[%clk 00:00:15]} {[%emt 00:00:01]} 38. Qe2
{[%clk 00:00:03]} {[%emt 00:00:03]} Qc1+ {[%clk 00:00:16]} {[%emt 00:00:01]} 39.
Qf1 {[%clk 00:00:04]} Qxb2 {[%clk 00:00:17]} {[%emt 00:00:01]} 40. Rb5 {[%clk
00:00:00]} {[%emt 00:00:05]} Qxd4 {[%clk 00:00:17]} {[%emt 00:00:01]} 41. Bxd5
{[%clk 00:00:00]} {[%emt 00:00:01]} Bxd5 {[%clk 00:00:17]} 42. Rb1 {[%clk
00:00:00]} {[%emt 00:00:02]} Rf5 {[%clk 00:00:17]} {[%emt 00:00:01]} 43. Rd1
{[%clk 00:00:00]} {[%emt 00:00:01]} Qc5 {[%clk 00:00:17]} 44. Qd3 {[%clk
00:00:00]} h5 {[%clk 00:00:17]} {[%emt 00:00:02]} 45. Qxf5+ {[%clk 00:00:00]}
{[%emt 00:00:01]} Kh6 {[%clk 00:00:17]} 46. Rxd5 {[%clk 00:00:00]} {[%emt
00:00:01]} Qc3 {[%clk 00:00:17]} 47. Qxh5# {[%clk 00:00:00]} {[%emt 00:00:01]}
1-0